Ivanhoe

Na minha lista:
Detalhes bibliográficos
Autor principal: Scott, Sir Walter
Formato: Livro
Publicado em: H. Giáo dục 2008
Assuntos:
Tags: Adicionar Tag
Sem tags, seja o primeiro a adicionar uma tag!
Thư viện lưu trữ: Trung tâm Học liệu Lê Vũ Hùng, Trường Đại học Đồng Tháp
LEADER 00695pam a22002298a 4500
001 00025780
005 20171026081022.0
008 110811s2008 ||||||Viesd
020 |c 24000 
041 0 # |a Vie 
082 1 4 |a 823  |b I300V 
100 0 # |a Scott, Sir Walter 
245 0 0 |a Ivanhoe  |c Sir Walter Scott; Nhóm Đường Văn dịch 
260 # # |a H.  |b Giáo dục  |c 2008 
300 # # |a 183 tr.  |c 21 cm. 
653 # # |a Tiểu thuyết 
653 # # |a Văn học 
852 # # |b Kho mượn  |j KM.0004463 
852 # # |b Kho đọc  |j KD.0010547 
852 # # |j KD.0010547  |j KM.0004463 
910 |d 11/08/2011 
980 # # |a Trung tâm Học liệu Lê Vũ Hùng, Trường Đại học Đồng Tháp